Megaminería y desposesión en el Sur: un análisis comparativo /

Uloženo v:
Podrobná bibliografie
Hlavní autor: Sacher, William
Médium: Text
Tagy: Přidat tag
Žádné tagy, Buďte první, kdo vytvoří štítek k tomuto záznamu!

MARC

LEADER 00000 a a2200000 04500
001 48664
003
040
100 |a Sacher, William  
245 |a Megaminería y desposesión en el Sur:   |b un análisis comparativo /  |c William Sacher  
773 |g volumen19, número51, (2015), páginas 99-116  
999 |c 35730  |d 35730